How to do ecology : a concise handbook (Record no. 207755)

MARC details
000 -LEADER
fixed length control field 00810nam a2200241Ia 4500
008 - FIXED-LENGTH DATA ELEMENTS--GENERAL INFORMATION
fixed length control field 191130s2006##################000#0#eng##
020 ## - INTERNATIONAL STANDARD BOOK NUMBER
ISBN 9780691125770
082 ## - DEWEY DECIMAL CLASSIFICATION NUMBER
Classification number 577.072 KAR
100 ## - MAIN ENTRY--AUTHOR NAME
Personal name Karban, Richard
245 ## - TITLE STATEMENT
Title How to do ecology : a concise handbook
Statement of responsibility, etc Richard Karban and Mikaela Huntzinger
250 ## - EDITION STATEMENT
Edition statement 1st ed
260 ## - PUBLICATION, DISTRIBUTION, ETC. (IMPRINT)
Place of publication Princeton
Name of publisher Princeton University Press
Year of publication 2006
300 ## - PHYSICAL DESCRIPTION
Number of Pages vi, 145 p. : ill., maps ; 21 cm
500 ## - GENERAL NOTE
General note Includes bibliographical references (p. [135]-140) and index
650 ## - SUBJECT ADDED ENTRY--TOPICAL TERM
Topical Term Ecology - Experiments - Handbooks, manuals, etc
Topical Term Ecology - Research - Handbooks, manuals, etc
700 ## - ADDED ENTRY--PERSONAL NAME
Personal name Huntzinger, Mikaela
991 ## -
-- 250910
Holdings
Withdrawn status Lost status Damaged status Not for loan Home library Current library Shelving location Date acquired Full call number Accession Number Price effective from Koha item type
        Anna Centenary Library Anna Centenary Library 5TH FLOOR, A WING 13.10.2020 577.072 KAR 166910 13.10.2020 English Books

Find us on the map